Рекомбинационная люминесценция щелочно-галоидных кристаллов, активированных ртутеподобными ионами. I; Исследования по люминесценции

書誌詳細
Parent link:Исследования по люминесценции.— 1958.— С. 311-339
第一著者: Лущик Ч. Б.
その他の著者: Волин В. И.
言語:ロシア語
出版事項: 1958
フォーマット: MixedMaterials 図書の章
KOHA link:https://koha.lib.tpu.ru/cgi-bin/koha/opac-detail.pl?biblionumber=211881

MARC

LEADER 00000naa2a2200000 4500
001 211881
005 20231031192742.0
035 |a (RuTPU)RU\TPU\book\231484 
035 |a RU\TPU\book\231483 
090 |a 211881 
100 |a 20120321d1958 k y0rusy50 ca 
101 0 |a rus 
102 |a RU 
200 1 |a Рекомбинационная люминесценция щелочно-галоидных кристаллов, активированных ртутеподобными ионами. I  |f Ч. Б. Лущик, В. И. Волин 
320 |a Библиогр.: с. 337-339 (60 назв.) 
463 0 |0 (RuTPU)RU\TPU\book\231367  |t Исследования по люминесценции  |f Академия наук Эстонской ССР (АН ЭССР), Институт физики (ИФ)  |v С. 311-339  |d 1958  |p 363 с.  |s Труды института физики и астрономии ; № 7 
700 1 |a Лущик  |b Ч. Б. 
701 1 |a Волин  |b В. И. 
801 1 |a RU  |b 63413507  |c 20120320 
801 2 |a RU  |b 63413507  |c 20120321  |g RCR 
942 |c BK